Correlation of Preoperative Anxiety with Propofol Consumption and Serum Cortisol During Total Intravenous Anaesthesia for Oocyte Retrieval in Invitro Fertilization Patients. (Record no. 1851880)

MARC details
000 -LEADER
fixed length control field 01014nam a2200361Ia 4500
005 - DATE AND TIME OF LATEST TRANSACTION
control field 20260514124429.0
008 - FIXED-LENGTH DATA ELEMENTS--GENERAL INFORMATION
fixed length control field 008 261405s9999 xx 000 0 eng d
037 ## -
-- Thesis
040 ## - CATALOGING SOURCE
-- CRL
040 ## - CATALOGING SOURCE
Language of cataloging eng
040 ## - CATALOGING SOURCE
Transcribing agency CRL
041 ## - LANGUAGE CODE
Language code of text eng
084 ## - COLON CLASSIFICATION NUMBER
-- CRL
100 ## - MAIN ENTRY--PERSONAL NAME
Student/researcher name Gogoi Dr.Baraka
245 #0 - TITLE STATEMENT
Title Correlation of Preoperative Anxiety with Propofol Consumption and Serum Cortisol During Total Intravenous Anaesthesia for Oocyte Retrieval in Invitro Fertilization Patients.
260 ## - PUBLICATION, DISTRIBUTION, ETC.
Place of publication, distribution, etc. Delhi
260 ## - PUBLICATION, DISTRIBUTION, ETC.
Name of publisher, distributor, etc. University of Delhi
260 ## - PUBLICATION, DISTRIBUTION, ETC.
Date of publication, distribution, etc. 2016
300 ## - PHYSICAL DESCRIPTION
Extent 49p.
502 ## - Thesis Note
Degree type Ph.D.
502 ## - Thesis Note
Name of granting institution University of Delhi
502 ## - Thesis Note
Year degree granted 2016
650 ## - SUBJECT ADDED ENTRY--TOPICAL TERM
LCSH or local subjects Anesthesiology
700 ## - ADDED ENTRY--PERSONAL NAME
Supervisor / Guide name Dr.Poonnam Bhadoria,
700 ## - ADDED ENTRY--PERSONAL NAME
Supervisor / Guide name Dr.Sonia Wadhawan
700 ## - ADDED ENTRY--PERSONAL NAME
Supervisor / Guide name Dr.Sudha Pradad,
700 ## - ADDED ENTRY--PERSONAL NAME
Supervisor / Guide name Dr.T.K.Mishra
942 ## - ADDED ENTRY ELEMENTS (KOHA)
Koha item type Thesis
100 ## - MAIN ENTRY--PERSONAL NAME
-- 1239994
541 ## - IMMEDIATE SOURCE OF ACQUISITION NOTE
-- Thesis
650 ## - SUBJECT ADDED ENTRY--TOPICAL TERM
-- 1239977
700 ## - ADDED ENTRY--PERSONAL NAME
-- 1239995
700 ## - ADDED ENTRY--PERSONAL NAME
-- 1239996
700 ## - ADDED ENTRY--PERSONAL NAME
-- 1239997
700 ## - ADDED ENTRY--PERSONAL NAME
-- 1239998
999 ## -
-- 1851880
-- 1851880
Holdings
Withdrawn status Lost status Not for loan Home library Current library Date acquired Accession Number Koha item type
      Central Library Central Library 2026-05-14 TH0028851 Thesis
Copyright @ Delhi University Library System